<?xml version="1.0" encoding="UTF-8"?>
<record
    xmlns:xsi="http://www.w3.org/2001/XMLSchema-instance"
    xsi:schemaLocation="http://www.loc.gov/MARC21/slim http://www.loc.gov/standards/marcxml/schema/MARC21slim.xsd"
    xmlns="http://www.loc.gov/MARC21/slim">

  <leader>00645cam a2200205   4500</leader>
  <controlfield tag="001">sa 68016754 </controlfield>
  <controlfield tag="003">DLC</controlfield>
  <controlfield tag="005">20260227112657.0</controlfield>
  <controlfield tag="008">710414s1967    ii            00000 eng  </controlfield>
  <datafield tag="010" ind1=" " ind2=" ">
    <subfield code="a">sa 68016754 //r85</subfield>
  </datafield>
  <datafield tag="025" ind1=" " ind2=" ">
    <subfield code="a">PL480:I-E-9441</subfield>
  </datafield>
  <datafield tag="043" ind1=" " ind2=" ">
    <subfield code="a">a-ii---</subfield>
  </datafield>
  <datafield tag="050" ind1="0" ind2=" ">
    <subfield code="a">S760.I4</subfield>
    <subfield code="b">A543</subfield>
  </datafield>
  <datafield tag="110" ind1="1" ind2="0">
    <subfield code="a">India (Republic).</subfield>
    <subfield code="b">Committee on Plan Projects.</subfield>
    <subfield code="b">Agriculture Team.</subfield>
  </datafield>
  <datafield tag="245" ind1="1" ind2="0">
    <subfield code="a">Report on improved agricultural implements in Maharashtra State.</subfield>
  </datafield>
  <datafield tag="260" ind1="1" ind2=" ">
    <subfield code="a">New Delhi,</subfield>
    <subfield code="c">1965 [i.e. 1967]</subfield>
  </datafield>
  <datafield tag="300" ind1=" " ind2=" ">
    <subfield code="a">85 p.</subfield>
    <subfield code="c">25 cm.</subfield>
  </datafield>
  <datafield tag="650" ind1=" " ind2="0">
    <subfield code="a">Agricultural implements</subfield>
    <subfield code="z">India</subfield>
    <subfield code="z">Maharashtra.</subfield>
  </datafield>
  <datafield tag="650" ind1=" " ind2="0">
    <subfield code="a">Agriculture</subfield>
    <subfield code="z">India</subfield>
    <subfield code="z">Maharashtra.</subfield>
  </datafield>
  <datafield tag="999" ind1=" " ind2=" ">
    <subfield code="c">87288</subfield>
    <subfield code="d">87288</subfield>
  </datafield>
</record>
